00817nam a2200277Ia 4500008004100000041001200041082001000053082001100063100001600074100001700090100001700107100001700124100001100141245006000152260000900212260002500221260000900246300001500255365002500270650002100295650002200316650003700338942000700375999001900382952013800401150909s9999 xx 000 0 und d aEnglish a631.4 bSAW/FU aAwari H W  aKamble A M  aSawant B P  aTekale D D  eAuthor aFundamentals of soil and water conservation engineering aU. P bCurrent publications c2010 a326 Pages aRs.995/-  aIrrigation pumps aRunoff estimation aWatershed concept and management cBK c245667d245667 00104070aKAUCOAbKAUCOAd2022-03-03g995.00l3o631.4 SAW/FUpKAU-COA-32174 r2019-07-08 00:00:00s2019-06-24w2015-09-16yBK